000 00549nam a2200193Ia 4500
005 20250508160847.0
008 008 250505s9999 xx 000 0 eng d
037 _aTextual
040 _aFEDL
_beng
_cFEDL
041 _aeng
_2eng
084 _a370.7, HAY
_qFEDL
100 _aHaysom John Ed.
_9769577
245 0 _aTheory into practice : Activities in school for student-teachers
260 _aLondon, UK
_bMcGraw Hill
_c1974
300 _a87p.
650 _aEducation
942 _cTEXL
_h370.7, HAY
999 _c1367042
_d1367042